Microeconomics / (Record no. 153462)

MARC details
000 -LEADER
fixed length control field 00526nam a22001817a 4500
005 - DATE AND TIME OF LATEST TRANSACTION
control field 20230705145559.0
010 ## - LCCN (DPL NO)
LC control number ENG-123389 ENG-137277
020 ## - INTERNATIONAL STANDARD BOOK NUMBER
Terms of availability 270.00
International Standard Book Number 9789352711031
035 ## - SYSTEM CONTROL NUMBER
System control number EN-106921 EN-120809
037 ## - SOURCE OF ACQUISITION
Source of stock number/acquisition DBAD/PUB
082 ## - DEWEY DECIMAL CLASSIFICATION NUMBER
Classification number 338.5
100 ## - MAIN ENTRY--PERSONAL NAME
Personal name Dwivedi, D N
245 00 - TITLE STATEMENT
Title Microeconomics /
Statement of responsibility, etc by D N Dwivedi
260 ## - PUBLICATION, DISTRIBUTION, ETC. (IMPRINT)
Place of publication, distribution, etc Noida
Name of publisher, distributor, etc Vikas Publishing House
Date of publication, distribution, etc 2017
270 ## - ADDRESS
Address E-28, Sector-8,
City Noida
Postal code 201301
300 ## - PHYSICAL DESCRIPTION
Extent 276 p.
Dimensions 25cm(pbk)
Other physical details ill.
942 ## - ADDED ENTRY ELEMENTS (KOHA)
Source of classification or shelving scheme Dewey Decimal Classification
Item type English Books
Call number suffix DWI
Classification part 338.5
Holdings
Withdrawn status Lost status Not for loan Collection code Home library Current library Date acquired Source of acquisition Cost, normal purchase price Full call number Barcode Copy number Cost, replacement price Koha item type
    Not For Loan Non-fiction D.B.Act.Division Central Library 05/07/2018 DBAD/PUB 270.00 338.5 DWI EN-106921 1 270.00 English Books
      Non-fiction Narela Narela 05/07/2023 DBAD/PUB 270.00 338.5 DWI EN-120809 1 270.00 English Books

© Delhi Public Library
Hit Counter
free hit counter